Mechanics of Aircraft Structures (Record no. 317712)
[ view plain ]
| 000 -LEADER | |
|---|---|
| fixed length control field | 00243 a2200109 4500 |
| 001 - CONTROL NUMBER | |
| control field | 82639 |
| 090 ## - LOCALLY ASSIGNED LC-TYPE CALL NUMBER (OCLC); LOCAL CALL NUMBER (RLIN) | |
| -- | 39978 |
| -- | 39978 |
| 100 ## - MAIN ENTRY--PERSONAL NAME | |
| Personal name | Sun,C.T |
| 245 ## - TITLE STATEMENT | |
| Title | Mechanics of Aircraft Structures |
| 260 ## - PUBLICATION, DISTRIBUTION, ETC. | |
| Place of publication, distribution, etc. | NY |
| Name of publisher, distributor, etc. | John Wiley & Sons |
| Date of publication, distribution, etc. | 1998 |
| 300 ## - PHYSICAL DESCRIPTION | |
| Extent | xii, 255 p. |
| 942 ## - ADDED ENTRY ELEMENTS (KOHA) | |
| Institution code [OBSOLETE] | NUST-CAE |
| Withdrawn status | Lost status | Damaged status | Not for loan | Collection code | Permanent Location | Current Location | Date acquired | Total Checkouts | Barcode | Date last seen | Price effective from | Koha item type |
|---|---|---|---|---|---|---|---|---|---|---|---|---|
| College of Aeronautical Engineering (CAE) | College of Aeronautical Engineering (CAE) | 04/03/2017 | CAEN-3702 | 04/05/2017 | 04/05/2017 | Book |
